01682cam a22003494i 4500003000900000005001700009008004100026035001700067040003300084082001900117100003800136245005700174264005900231300004400290336002100334337002500355338002300380504002400403505075700427526001001184526001001194526001001204526001001214526000801224526000801232526000801240526000801248526000801256526000801264526000801272600005201280PE-LiUPU20250731173435.0150616s r 000 0 d a(Sirsi) a549 aPE-LiUPUbspacPE-LiUPUerda04a284.2bC182211 aCalvin, John,d1509-1564,eautor.10aInstitutes of the christian religion /cJean Calvin. 1aMichigan :bWM. B. Eerdmans Publishing Company,c1949. a812 páginas :bilustraciones ;c24 cm atext2rdacontent aunmediated2rdamedia avolume2rdacarrier aNota Bibliografica.0 aThe connection between the knowledge of God and the knowledge of ourselves -- The nature and tendency of the knowledge of God -- The mind of man neturally endued with the knowledge of God -- This knowledge extinguished or corrupted, partly by ignorance, partly by wickednees -- The knowledge of God the world -- The guidance and teaching of the scripture necessary to lead to the knowledge of God the creator -- The testimony of the spirit necessary to confirm the scripture -- Rational proofs to establish the belief of the scripture -- The fanaticism which discards the Scripture -- All idolatrous worship discountenanced in the Scripture -- Unlawfilnees of ascribing to God a visible form -- God contradistinguished from idols -- One divine essence. aSEG42 aSEG41 aSEG40 aSEG39 aP94 aP87 aP86 aP85 aP77 aP76 aP351 aCalvino, Juan,d1509-1564.qCalvin, JeanxObras